Quizzes
Events
Quiz Creation
Community
Videos
Private Events
Remove Ads
Sign In
Join for FREE
Feedback
Dark Mode
Quiz Categories
Sports
Geography
Music
Movies
Television
Just For Fun
Miscellaneous
History
Literature
Language
Science
Gaming
Entertainment
Religion
Holiday
For Kids
Quiz Lab
Recent
Popular Today
Quiz Kudos Today
Editor Picks
Curator Picks
Quizzes by...
Day
Popularity
Type
Ratings
Length
Year
Community
Subscriptions
Recent Discussions
Orange Saloon
Badges
Playlists
Quests
Create
Leaderboards
Showdown
Live 5
Trivia Bingo
Activity
Puzzle Library
Sporcle Events
Private Events
Virtual Trivia
Globe League
Become a Host
Pub Owners
SporcleCon
Opinionation
Our Games
Videos
Blog
Mobile Apps
Partnerships
Remove Ads and Go Orange
Feedback
Music
Pop Music
The Beatles
Song
Album
Lyrics
Bands
Singers
Artist
Clip
Rock
Rap
Classical
Billboard
Country Music
Kpop
Taylor Swift
Music
Pop Music
The Beatles
Song
Album
Lyrics
Bands
Singers
Artist
Clip
Rock
Rap
Classical
Billboard
Country Music
Kpop
Taylor Swift
Random Quiz
Search Sporcle
×
Quiz Lab
Quiz Lab
Music
Billboard
Select answers by clicking on text or image buttons
Select answers by clicking on text or image buttons
Clickable
Best Score? Go Orange.
The Billboard Top 40 of 1997 Stats
Can you match the artist to their song on the Billboard Top 40 year-end chart of 1997?
By
catch215
6m
40 Questions
46 Plays
46 Plays
46 Plays
Comments
Comments
Give Quiz Kudos
Give Quiz Kudos
-
- Ratings
hide this ad
More Info
Forced Order
Answers have to be entered in order
Answers have to be entered in order
Replay
Link that replays current quiz
Next Quiz
Link to next quiz in quiz playlist
You Got
0%
They Got
Avg Score
60%
Avg Friend Score
Upgrade to see
Score Distribution
Jump to the score distribution portion of the page
Score
0/40
Timer
06:00
0
Plays Today
% Correct
Candle in the Wind 1997
97.8%
Wannabe
97.8%
MMMBop
95.7%
I Believe I Can Fly
93.5%
Un-Break My Heart
91.3%
Quit Playing Games (With My Heart)
91.3%
I'll Be Missing You
89.1%
Bitch
89.1%
Semi-Charmed Life
87%
You Were Meant for Me
84.8%
How Do I Live
84.8%
The Freshmen
82.6%
Sunny Came Home
82.6%
Where Have All the Cowboys Gone?
80.4%
2 Become 1
80.4%
Honey
73.9%
Return of the Mack
71.7%
You Make Me Wanna...
71.7%
Barely Breathing
71.7%
No Diggity
71.7%
% Correct
Say You'll Be There
71.7%
Mo Money Mo Problems
71.7%
Can't Nobody Hold me Down
54.3%
Hypnotize
54.3%
All For You
54.3%
Don't Let Go (Love)
50%
4 Seasons of Loneliness
50%
I Want You
47.8%
Hard to Say I'm Sorry
41.3%
Da Dip
37%
It's Your Love
30.4%
For You I Will
26.1%
In My Bed
21.7%
Cupid
21.7%
Do You Know (What It Takes)
21.7%
Every Time I Close My Eyes
19.6%
Nobody
17.4%
I Believe in You and Me
17.4%
G.H.E.T.T.O.U.T.
15.2%
I Belong to You (Every Time I See Your Face)
10.9%
Quiz Playlist
Details
Report
Send in Message
Add To Playlist
More Info:
Artist (and featured artists) must match exactly with the song title.
Clickable:
Select answers by clicking on text or image buttons
Forced Order:
Answers have to be entered in order
Last Updated: Jul 8, 2019
Quiz Scoreboard
CHALLENGE
Sign Up to Join the Scoreboard
Show All
Scores
Hide
Comments
May contain spoilers
Recently Published
9x9 Crossword: Cartoon Network
by jackfrog10
Miscellaneous
3m
College Basketball Coaching Resumes
by pancakes188
Sports
9m
Billboard Blitz: Fleetwood Mac
by CooCooCachoo
Music
15s
More to Explore
Quiz From the Vault
Featured Blog Post
Where Did the Easter Bunny Come From?
hide this ad
You Might Also Like...
Tags
Artist Quiz
Billboard Quiz
Clickable Quiz
Song Quiz
1997
chart
Top 40
Today's Top Quizzes in Music
Browse Music
hide this ad
Today's Top Quizzes in Billboard
Browse Billboard
Top Contributed Quizzes in Music
1
Taylor Swift All Songs (2024)
2
Guess the Artist- 70s Songs
3
7-to-1: Billboard Hot 100 #1 Hits of 2010s
4
Sorting Albums and Songs
5
Taylor Swift Logic Puzzle
6
KPOP LOGIC QUIZ
7
Guess the Taylor Swift song (Mystery Song)
8
One Thing in Common: Music
9
2010s Album by Cover III
10
Guess The Taylor Swift Lyrics Song #1
Explore More
Trending Topics
Marvel
Harry Potter
Anime
NBA
Kpop
Disney
Crossword
NFL
The Office
Pokémon
Country
Soccer
WWE
Song
Puzzle
hide this ad
More By:
catch215
Quiz
Plays
Rating
Category
Featured
Created
The Billboard Top 40 of 1992
64
3.50
Music
Jul 8, 2019
The Billboard Top 40 of 1993
55
3.00
Music
Jul 7, 2019
The Billboard Top 40 of 1994
50
3.00
Music
Jul 7, 2019
The Billboard Top 40 of 1997
46
3.00
Music
Jul 8, 2019
The Billboard Top 40 of 1990
43
3.00
Music
Mar 23, 2019
Go to Creator's Profile
Score Distribution
Quiz Creator Spotlight
catch215
Follow
Send a Message
Quizzes Created
-
Created Quiz Play Count
-
More By This Creator
Popular Quizzes Today
1
Find the US States - No Outlines Minefield
2
Find the Countries of Europe - No Outlines Minefield
3
The Countries of the World
4
Find the US States
5
Risky Map Clicking: Biggest States A-Z
6
US States
7
Popular People in 1961
8
Movies - When Are They Set?
More Music Quizzes
Guess the OT18 NCT Members (type name)
Quiz Lab
Trending Quizzes
Risky Map Clicking: Least Populous States A-Z
1-10 Letter G Words
1-10 Letter F Words
Risky Map Clicking: Next State Alphabetically
Adjectives in 80s TV Shows
Recently Updated
Leaping Animals
pecheneg
Reality TV Shows (A-Z)
bhenderson79
Rickey Henderson's Hall of Fame Teammates
pecheneg
Champions League XIs: Arsenal
pecheneg
Quick Pick: Celebrities in WWE's Hall of Fame
aduchscher
A-Z Keypad Blitz II
pecheneg
Multiple Oscar Actors
pecheneg
Mystery Phrase Blitz: Oscar 'Best Actors'
pecheneg
F. Scott Fitzgerald Novels
LTH
Pick 3 Villains
ddd62291
Trending Topics
Marvel
NBA
Harry Potter
Anime
Disney
Crossword
Kpop
Pokémon
Soccer
Puzzle
NFL
The Office
WWE
Country
Song
Your Account Isn't Verified!
In order to create a playlist on Sporcle, you need to verify the email address you used during registration. Go to your
Sporcle Settings
to finish the process.
Report this User
Report this user for behavior that violates our
Community Guidelines
.
Details:
Send Report
Go to the Sporcle.com Mobile Site →
Comments